Lady gaga quiz - Statistics

General Stats
  • This quiz has been taken 114 times
    88 since last reset
  • The average score is 10 of 15
Answer Stats
Question Answer % Correct
Who was in her song Telephone? Beyonce
100%
What is her first album called? The Fame
100%
Which album is a soundtrack? A Star Is Born
97%
What song of her has the most views? Bad romance
97%
Where is she born? New York City
94%
What was her first number one hit? Just Dance
90%
What is her real name? Stefani
90%
What was her latest number one hit? Rain on me
68%
What was her biggest tour? The Monster ball tour
55%
Where do you find a museum of her career? Las Vegas
48%
What is her second single of the Born this way album? Judas
45%
When did The Monster Ball Tour begin? 2009
42%
In which city is the Born This Way Ball cancelled because of protests against her? Jakarta
42%
On which Talk show in 2011 was she more times a guest? The Ellen show
42%
On which tv show did she perform LoveGame and Just Dance in 2009 Dancing with the stars
19%
No matching quizzes found
Score Distribution
Percent of People with Each Score
Percentile by Number Answered
Your Score History
You have not taken this quiz since the last reset